Os 15 principais países com mortes por Covid19 - 12 de maio - Statistics

Estatísticas Gerais
  • Esse quiz foi jogado 6 vezes
  • A pontuação média é 12 de 21
Estatísticas das Respostas
país % Correto
Brasil
100%
China
83%
Espanha
83%
Estados Unidos
83%
França
83%
Itália
83%
Alemanha
67%
Canadá
67%
Irão
67%
Portugal
67%
Bélgica
50%
México
50%
Reino Unido
50%
Suécia
50%
Suécia
50%
Suíça
50%
Turquia
50%
Irlanda
33%
Países Baixos
33%
Dinamarca
17%
Equador
17%
Nenhum quiz correspondente encontrado
Distribuição das Pontuações
Porcentagem de Pessoas com Cada Pontuação
Percentil de Números Respondidos
Sua Pontuação Histórica
Você não jogou esse quiz